Huddersfield Town: The Premier League Years - Statistics

General Stats
  • This quiz has been taken 47 times
  • The average score is 4 of 8
Answer Stats
Answer % Correct
David Wagner
88%
Steve Mounié
68%
Tommy Smith
56%
Jonas Lössl
54%
Christopher Schindler
46%
Jan Siewert
41%
Mathias Jørgensen
41%
Karlan Grant
39%
No matching quizzes found
Score Distribution
Percent of People with Each Score
Percentile by Number Answered
Your Score History
You have not taken this quiz